[Event "Sant Adria de Besos op 17th"]
[Site "Sant Adria de Besos"]
[Date "2023.04.02"]
[Round "1"]
[White "Gutierrez Clares, Joaquim"]
[Black "Ordonez Rodriguez, Victor"]
[Result "1-0"]
[WhiteElo "2311"]
[BlackElo "1841"]
[PlyCount "57"]
[EventDate "2023.04.02"]
[EventType "swiss"]
[EventRounds "9"]
[EventCountry "ESP"]
[SourceTitle "EXT 2024"]
[Source "ChessBase"]
[SourceDate "2023.10.10"]
[SourceVersion "1"]
[SourceVersionDate "2023.10.10"]
[SourceQuality "1"]

1. d4 d5 2. c4 e6 3. Nf3 Nf6 4. Nc3 Be7 5. Bf4 0-0 6. e3 b6 7. Bd3 dxc4 8. Bxc4 Bb7 9. Qe2 a6 10. a3 Nbd7 11. 0-0 b5 12. Ba2 c5 13. Rfd1 Qb6 14. dxc5 Nxc5 15. Be5 b4 16. axb4 Qxb4 17. Rd4 Bxf3 18. gxf3 Qa5 19. b4 Qa3 20. Nb1 Qa4 21. bxc5 Qa5 22. Bd6 Bxd6 23. cxd6 Qg5+ 24. Kh1 Rac8 25. Nd2 Rc2 26. Qd3 Rfc8 27. Bc4 R8xc4 28. Rxc4 Rxd2 29. Rc8+ 1-0

[Event "Catalunya-chT Gp2"]
[Site "Barcelona"]
[Date "2023.03.04"]
[Round "7.6"]
[White "Gutierrez Clares, Joaquim"]
[Black "Escandell, Juan C"]
[Result "0-1"]
[WhiteElo "2213"]
[BlackElo "2159"]
[PlyCount "74"]
[EventDate "2023.01.21"]
[EventType "team-tourn"]
[EventRounds "7"]
[EventCountry "ESP"]
[SourceTitle "CBM 213 Extra"]
[Source "ChessBase"]
[SourceDate "2023.05.31"]
[SourceVersion "1"]
[SourceVersionDate "2023.05.31"]
[SourceQuality "1"]
[WhiteTeam "Platja D'Aro"]
[BlackTeam "Cerdanyola Valles"]
[WhiteTeamCountry "ESP"]
[BlackTeamCountry "ESP"]

1. d4 Nf6 2. c4 e6 3. Nf3 b6 4. a3 Bb7 5. Nc3 d5 6. cxd5 Nxd5 7. Qc2 Be7 8. Bd2 0-0 9. e4 Nxc3 10. Bxc3 c5 11. Rd1 Qc7 12. Bd3 cxd4 13. Nxd4 a6 14. 0-0 Nd7 15. Rc1 Rfd8 16. Qe2 Nc5 17. Bc2 Bg5 18. Rcd1 e5 19. Nf5 Bf6 20. Rc1 Bc6 21. Rfe1 Rd7 22. Qg4 Kh8 23. Re3 Ne6 24. Rce1 Rad8 25. Bb3 Nf4 26. g3 Nd3 27. Rd1 Nc5 28. Rxd7 Bxd7 29. Bc2 g6 30. b4 gxf5 31. exf5 Na4 32. Bxa4 Bxa4 33. f4 Qc4 34. Qh5 Rd1+ 35. Be1 Qd4 36. Qe2 exf4 37. gxf4 Bh4 0-1

[Event "Catalunya-chT Gp2"]
[Site "Barcelona"]
[Date "2023.01.21"]
[Round "?"]
[White "Gutierrez Clares, Joaquim"]
[Black "Ibanez Tarradellas, Eduardo"]
[Result "1/2-1/2"]
[WhiteElo "2213"]
[BlackElo "2179"]
[PlyCount "121"]
[EventDate "2023.01.21"]
[EventType "team-tourn"]
[EventRounds "7"]
[EventCountry "ESP"]
[SourceTitle "CBM 212 Extra"]
[Source "ChessBase"]
[SourceDate "2023.03.31"]
[SourceVersion "1"]
[SourceVersionDate "2023.03.31"]
[SourceQuality "1"]
[WhiteTeam "Platja D'Aro"]
[BlackTeam "Figueres"]
[WhiteTeamCountry "ESP"]
[BlackTeamCountry "ESP"]

1. d4 d5 2. Nf3 Nc6 3. g3 Bf5 4. a3 e6 5. Bg2 Nf6 6. 0-0 Bd6 7. b3 e5 8. dxe5 Nxe5 9. Bb2 Nxf3+ 10. Bxf3 c6 11. Nd2 0-0 12. c4 Be7 13. cxd5 cxd5 14. b4 a5 15. bxa5 Qxa5 16. Nb3 Qa4 17. Nd4 Bg6 18. e3 Rfc8 19. Qxa4 Rxa4 20. Bd1 Ra5 21. Bb3 Bd3 22. Rfc1 Bc4 23. Nf5 Bf8 24. Bxf6 gxf6 25. a4 Rca8 26. Rab1 R8a7 27. Nd4 Bxb3 28. Rxb3 Rxa4 29. Rc7 Rb4 30. Rxb4 Bxb4 31. Kg2 Ra2 32. Nf5 h5 33. Rxb7 Be1 34. Ne7+ Kg7 35. Nxd5 Bxf2 36. Kf1 Rd2 37. Nf4 Bxe3 38. Ne2 f5 39. Re7 Bg5 40. Re5 Kf6 41. Ra5 h4 42. Ra6+ Ke5 43. Kf2 hxg3+ 44. hxg3 f4 45. Ra5+ Kf6 46. gxf4 Bxf4 47. Kf3 Be5 48. Ra6+ Kf5 49. Ng3+ Bxg3 50. Kxg3 Rd3+ 51. Kf2 Kg5 52. Ke2 Rb3 53. Kf2 f5 54. Ra8 Kg4 55. Rg8+ Kf4 56. Ra8 Rb2+ 57. Kf1 Kg4 58. Ra3 f4 59. Rc3 f3 60. Rc8 Rb1+ 61. Kf2 1/2-1/2

[Event "Catalunya-chT Gp1"]
[Site "Barcelona"]
[Date "2020.01.18"]
[Round "1.5"]
[White "Gutierrez Clares, Joaquim"]
[Black "Aranda Flores, Jordi"]
[Result "1/2-1/2"]
[WhiteElo "2253"]
[BlackElo "2171"]
[PlyCount "23"]
[EventDate "2020.01.18"]
[EventType "team-tourn"]
[EventRounds "7"]
[EventCountry "ESP"]
[SourceTitle "CBM 194 Extra"]
[Source "ChessBase"]
[SourceDate "2020.03.31"]
[SourceVersion "1"]
[SourceVersionDate "2020.03.31"]
[SourceQuality "1"]
[WhiteTeam "Badalona Cor de Marina"]
[BlackTeam "Tres Peons"]
[WhiteTeamCountry "ESP"]
[BlackTeamCountry "ESP"]

1. d4 Nf6 2. c4 e6 3. Nf3 b6 4. a3 Bb7 5. Nc3 d5 6. cxd5 Nxd5 7. Qc2 Nxc3 8. Qxc3 Nd7 9. Bg5 f6 10. Bf4 Rc8 11. e3 Bd6 12. Bg3 1/2-1/2

[Event "Catalunya-chT GpA final"]
[Site "Barcelona"]
[Date "2019.03.16"]
[Round "1.6"]
[White "Gutierrez Clares, Joaquim"]
[Black "Montilla Carrillo, Esteban"]
[Result "1-0"]
[WhiteElo "2250"]
[BlackElo "2178"]
[PlyCount "37"]
[EventDate "2019.03.16"]
[EventType "team-tourn"]
[EventRounds "3"]
[EventCountry "ESP"]
[SourceTitle "CBM 189 Extra"]
[Source "ChessBase"]
[SourceDate "2019.06.03"]
[SourceVersion "1"]
[SourceVersionDate "2019.06.03"]
[SourceQuality "1"]
[WhiteTeam "Sant Josep de Badalona"]
[BlackTeam "Mollet"]
[WhiteTeamCountry "ESP"]
[BlackTeamCountry "ESP"]

1. d4 Nf6 2. c4 c5 3. d5 b5 4. Qc2 bxc4 5. e4 e6 6. Nc3 exd5 7. e5 Ng8 8. Nxd5 Bb7 9. Bxc4 Ne7 10. Bg5 Qc8 11. Bxe7 Bxe7 12. Qf5 Qd8 13. 0-0-0 0-0 14. Nf3 g6 15. Qf4 Nc6 16. h4 Na5 17. Bb5 Nc6 18. Qh6 Nd4 19. Ng5 1-0

[Event "Catalunya-chT Gp2"]
[Site "Barcelona"]
[Date "2019.02.02"]
[Round "3.6"]
[White "Bru Rullo, Llatzer"]
[Black "Gutierrez Clares, Joaquim"]
[Result "1/2-1/2"]
[WhiteElo "2298"]
[BlackElo "2250"]
[PlyCount "23"]
[EventDate "2019.01.19"]
[EventType "team-tourn"]
[EventRounds "7"]
[EventCountry "ESP"]
[SourceTitle "CBM 188 Extra"]
[Source "ChessBase"]
[SourceDate "2019.02.26"]
[SourceVersion "1"]
[SourceVersionDate "2019.02.26"]
[SourceQuality "1"]
[WhiteTeam "Cerdanyola Valles"]
[BlackTeam "Sant Josep de Badalona"]
[WhiteTeamCountry "ESP"]
[BlackTeamCountry "ESP"]

1. d4 Nf6 2. c4 g6 3. Nc3 Bg7 4. e4 d6 5. Nf3 0-0 6. h3 Na6 7. Be3 e5 8. d5 Nc5 9. Nd2 a5 10. g4 Nfd7 11. Rg1 c6 12. a3 1/2-1/2

[Event "Catalunya-chT GpA final"]
[Site "Barcelona"]
[Date "2018.04.14"]
[Round "4.6"]
[White "Grafl, Florian"]
[Black "Gutierrez Clares, Joaquim"]
[Result "1/2-1/2"]
[WhiteElo "2374"]
[BlackElo "2226"]
[PlyCount "125"]
[EventDate "2018.03.10"]
[EventType "team-tourn"]
[EventRounds "4"]
[EventCountry "ESP"]
[SourceTitle "EXT 2019"]
[Source "ChessBase"]
[SourceDate "2018.10.10"]
[SourceVersion "1"]
[SourceVersionDate "2018.10.10"]
[SourceQuality "1"]
[WhiteTeam "Barcelona Escola Escacs"]
[BlackTeam "Sant Josep de Badalona"]
[WhiteTeamCountry "ESP"]
[BlackTeamCountry "ESP"]

1. b3 d5 2. Bb2 Bg4 3. f3 Bf5 4. e4 dxe4 5. Qe2 c6 6. fxe4 Bg6 7. Nc3 e5 8. Nf3 Nd7 9. 0-0-0 Qa5 10. Kb1 Ngf6 11. h3 Ba3 12. Ba1 Qb4 13. Nh4 0-0-0 14. d3 Qa5 15. Na4 Bb4 16. c3 Be7 17. g4 b5 18. Nxg6 hxg6 19. Nb2 Ne8 20. d4 Nc7 21. Nd3 Bf6 22. Nb4 Nb8 23. d5 Be7 24. Bg2 c5 25. Nd3 f6 26. Ne1 Nba6 27. Nf3 c4 28. b4 Qb6 29. Bb2 Ne8 30. Bc1 Nac7 31. Qe1 a5 32. a3 axb4 33. axb4 Qa7 34. Nh4 Rxh4 35. Qxh4 Kb7 36. Bb2 Ra8 37. Kc1 Qa2 38. Rd2 Qb3 39. Bf3 Nd6 40. Bd1 Qa2 41. Bc2 Nc8 42. Qe1 Bd6 43. Bb1 Qa4 44. Qd1 Qa7 45. h4 Nb6 46. Qg1 Qa4 47. h5 Rh8 48. hxg6 Rxh1 49. Qxh1 Qa7 50. Qg1 Qa8 51. Kd1 Qe8 52. Qh1 Na4 53. Qh7 Qc8 54. Qh4 Qa8 55. Ba1 Qa7 56. Qh2 Qe3 57. Qf2 Nxc3+ 58. Bxc3 Qxc3 59. Ra2 Bxb4 60. Ra7+ Kc8 61. Rxc7+ Kxc7 62. Qa7+ Kc8 63. Qa8+ 1/2-1/2

[Event "Catalunya-chT GpA final"]
[Site "Barcelona"]
[Date "2018.03.17"]
[Round "2.5"]
[White "Gutierrez Clares, Joaquim"]
[Black "Pinsach Gelabert, Alexandre"]
[Result "1-0"]
[WhiteElo "2226"]
[BlackElo "2113"]
[PlyCount "97"]
[EventDate "2018.03.10"]
[EventType "team-tourn"]
[EventRounds "4"]
[EventCountry "ESP"]
[SourceTitle "CBM 183 Extra"]
[Source "ChessBase"]
[SourceDate "2018.04.19"]
[SourceVersion "1"]
[SourceVersionDate "2018.04.19"]
[SourceQuality "1"]
[WhiteTeam "Sant Josep de Badalona"]
[BlackTeam "Figueres"]
[WhiteTeamCountry "ESP"]
[BlackTeamCountry "ESP"]

1. d4 Nf6 2. c4 g6 3. Nc3 Bg7 4. e4 d6 5. Be2 0-0 6. Bg5 c5 7. dxc5 Qa5 8. Bd2 Qxc5 9. Nf3 Bg4 10. Be3 Qa5 11. Nd2 Bxe2 12. Qxe2 Nc6 13. 0-0 Nd7 14. Rfc1 Nd4 15. Bxd4 Bxd4 16. Nb3 Qe5 17. Nxd4 Qxd4 18. Nd5 Rae8 19. Rd1 Qg7 20. Rac1 Nf6 21. b3 h5 22. h3 Nxd5 23. exd5 Qf6 24. Rd3 Rc8 25. Re1 Rc7 26. Re3 Re8 27. Qd2 Qf4 28. g3 Qg5 29. Qd4 b6 30. Rf3 Rc5 31. Rfe3 Rc7 32. Kg2 Rb7 33. f4 Qf5 34. Kh2 f6 35. Re4 Kf7 36. Qe3 b5 37. c5 Qxd5 38. cxd6 Qxd6 39. f5 g5 40. Qe2 Rh8 41. Re6 Qc5 42. Qe4 Rc7 43. Re2 h4 44. b4 hxg3+ 45. Kg2 Qc4 46. Rxe7+ Kf8 47. Rxc7 Qxc7 48. Qe8+ Kg7 49. Qg6+ 1-0

[Event "Catalunya-chT Gp1"]
[Site "Barcelona"]
[Date "2016.01.23"]
[Round "1.1"]
[White "Gutierrez Clares, Joaquim"]
[Black "Bofill Mas, Alejandro"]
[Result "1/2-1/2"]
[WhiteElo "2240"]
[BlackElo "2339"]
[PlyCount "51"]
[EventDate "2016.01.23"]
[EventType "team-tourn"]
[EventRounds "7"]
[EventCountry "ESP"]
[SourceTitle "CBM 170 Extra"]
[Source "ChessBase"]
[SourceDate "2016.02.25"]
[SourceVersion "1"]
[SourceVersionDate "2016.02.25"]
[SourceQuality "1"]
[WhiteTeam "Sant Josep de Badalona"]
[BlackTeam "Barcelona Escola Escacs"]
[WhiteTeamCountry "ESP"]
[BlackTeamCountry "ESP"]

1. d4 Nf6 2. c4 g6 3. Nc3 d5 4. Nf3 Bg7 5. e3 0-0 6. Qb3 e6 7. Be2 b6 8. cxd5 exd5 9. 0-0 Bb7 10. Rd1 Nbd7 11. Bd2 Re8 12. Rac1 c5 13. dxc5 Nxc5 14. Qb4 Nfe4 15. Be1 Bf8 16. Nxe4 Nd3 17. Qd4 dxe4 18. Bxd3 exf3 19. Bf1 fxg2 20. Bb5 Qxd4 21. Rxd4 Red8 22. Rc7 Rxd4 23. exd4 Bd5 24. Bc6 Bxc6 25. Rxc6 Bg7 26. Bc3 1/2-1/2

[Event "Barcelona Sants op 17th"]
[Site "Barcelona"]
[Date "2015.08.21"]
[Round "1"]
[White "Gutierrez Clares, Joaquim"]
[Black "Liarte Genoves, Sergi"]
[Result "1-0"]
[WhiteElo "2268"]
[BlackElo "1952"]
[PlyCount "57"]
[EventDate "2015.08.21"]
[EventType "swiss"]
[EventRounds "10"]
[EventCountry "ESP"]
[SourceTitle "EXT 2016"]
[Source "ChessBase"]
[SourceDate "2015.10.08"]
[SourceVersion "1"]
[SourceVersionDate "2015.10.08"]
[SourceQuality "1"]

1. d4 Nf6 2. c4 e5 3. dxe5 Ng4 4. e3 Nxe5 5. Nh3 Bb4+ 6. Bd2 Bxd2+ 7. Qxd2 0-0 8. Nf4 d6 9. Be2 Be6 10. b3 Ng6 11. Nc3 Nd7 12. 0-0 Nde5 13. Nxe6 fxe6 14. f4 Nd7 15. Rf3 a6 16. Raf1 Qe7 17. Bd3 Nh8 18. Rh3 g6 19. Ne4 Nf6 20. Ng5 Nf7 21. Nxh7 Nxh7 22. Bxg6 Nfg5 23. Rg3 Kh8 24. fxg5 Rxf1+ 25. Kxf1 Nxg5 26. Qd4+ Kg8 27. h4 Rf8+ 28. Kg1 c5 29. Qg4 1-0

[Event "Catalunya-chT"]
[Site "Catalunya"]
[Date "2014.01.25"]
[Round "1.2"]
[White "Velasco Blasco, Juan Manuel"]
[Black "Gutierrez Clares, Joaquim"]
[Result "0-1"]
[WhiteElo "2118"]
[BlackElo "2254"]
[PlyCount "72"]
[EventDate "2014.01.25"]
[EventType "team"]
[EventRounds "11"]
[EventCountry "ESP"]
[SourceTitle "CBM 158 Extra"]
[Source "ChessBase"]
[SourceDate "2014.02.28"]
[SourceVersion "1"]
[SourceVersionDate "2014.02.28"]
[SourceQuality "1"]
[WhiteTeam "Reus Deportiu"]
[BlackTeam "Badalona Sant Josep"]
[WhiteTeamCountry "ESP"]
[BlackTeamCountry "ESP"]

1. d4 Nf6 2. Nc3 d5 3. Bg5 Bf5 4. e3 c6 5. Bd3 e6 6. g4 Bxd3 7. Qxd3 Be7 8. h3 h5 9. 0-0-0 hxg4 10. Nge2 gxh3 11. Nf4 Na6 12. Nxh3 Qa5 13. Bxf6 Bxf6 14. a3 0-0-0 15. Nf4 c5 16. Nh5 cxd4 17. exd4 Bg5+ 18. Kb1 g6 19. Ng3 Kb8 20. Nge2 Qc7 21. Rdg1 Bf6 22. Qf3 Qe7 23. Rxh8 Rxh8 24. Rh1 Rxh1+ 25. Qxh1 Nc7 26. f4 a6 27. Qf3 Ne8 28. Na4 Nd6 29. Nc5 Nc4 30. Qd3 Ka7 31. Ka2 Qc7 32. b3 Nd6 33. Nc3 Nf5 34. Nb5+ axb5 35. Qxb5 Bxd4 36. Qa4+ Kb8 0-1

[Event "Catalunya-chT Honor"]
[Site "Catalunya"]
[Date "2013.03.09"]
[Round "8.8"]
[White "Gutierrez Clares, Joaquim"]
[Black "Martinez Ramirez, Erik"]
[Result "0-1"]
[WhiteElo "2255"]
[BlackElo "2302"]
[PlyCount "128"]
[EventDate "2013.01.19"]
[EventType "team-tourn"]
[EventRounds "11"]
[EventCountry "ESP"]
[SourceTitle "EXT 2014"]
[Source "ChessBase"]
[SourceDate "2013.11.20"]
[SourceVersion "1"]
[SourceVersionDate "2013.11.20"]
[SourceQuality "1"]
[WhiteTeam "Badalona Sant Josep"]
[BlackTeam "Montcada"]
[WhiteTeamCountry "ESP"]
[BlackTeamCountry "ESP"]

1. d4 Nf6 2. c4 g6 3. Nc3 d5 4. Nf3 Bg7 5. Bg5 Ne4 6. cxd5 Nxg5 7. Nxg5 e6 8. Qd2 exd5 9. Qe3+ Kf8 10. Qf4 Qf6 11. Nxd5 Qxf4 12. Nxf4 Bxd4 13. Nd3 Nc6 14. e3 Bg7 15. Be2 h6 16. Ne4 Bf5 17. Nc3 Ne5 18. Nxe5 Bxe5 19. 0-0-0 c6 20. Bc4 Ke7 21. h3 b5 22. Bb3 h5 23. Ne2 Rad8 24. Nd4 Bxd4 25. exd4 Rhe8 26. d5 c5 27. d6+ Kf6 28. Rd2 Be4 29. f3 Bc6 30. Rhd1 c4 31. Bc2 Ke6 32. f4 Kd7 33. f5 Be4 34. fxg6 fxg6 35. Bxe4 Rxe4 36. Rd5 Rb8 37. Rc5 Rb7 38. Rdd5 a6 39. a4 b4 40. Rg5 Re6 41. Rxc4 Rxd6 42. b3 Ke7 43. h4 Kf6 44. a5 Re6 45. g4 hxg4 46. Rgxg4 Rb5 47. Rxb4 Rxa5 48. Kc2 Kg7 49. Rg5 Ree5 50. Rbg4 Rxg5 51. hxg5 Kf7 52. Rf4+ Rf5 53. Rg4 a5 54. Kd3 Rb5 55. Kc3 Ke6 56. Rg1 Kf5 57. Kc4 Rb4+ 58. Kc3 Kf4 59. Rf1+ Kxg5 60. Rg1+ Kf6 61. Rf1+ Kg7 62. Ra1 Rb5 63. Kd4 g5 64. Ke4 Kg6 0-1

[Event "Catalunya-chT Honor"]
[Site "Catalunya"]
[Date "2013.02.23"]
[Round "6.9"]
[White "Rivas Garcia, Victor"]
[Black "Gutierrez Clares, Joaquim"]
[Result "1-0"]
[WhiteElo "2224"]
[BlackElo "2255"]
[PlyCount "59"]
[EventDate "2013.01.19"]
[EventType "team-tourn"]
[EventRounds "11"]
[EventCountry "ESP"]
[SourceTitle "EXT 2014"]
[Source "ChessBase"]
[SourceDate "2013.11.20"]
[SourceVersion "1"]
[SourceVersionDate "2013.11.20"]
[SourceQuality "1"]
[WhiteTeam "Barbera"]
[BlackTeam "Badalona Sant Josep"]
[WhiteTeamCountry "ESP"]
[BlackTeamCountry "ESP"]

1. e4 c5 2. Nc3 Nc6 3. Bb5 Na5 4. Nf3 a6 5. Be2 b5 6. d4 cxd4 7. Nxd4 Bb7 8. a3 e6 9. 0-0 d6 10. f4 Qc7 11. Bf3 Be7 12. Kh1 Nf6 13. e5 dxe5 14. fxe5 Nd7 15. Bf4 Rd8 16. Bxb7 Qxb7 17. Qg4 g6 18. Rae1 h5 19. Qe2 g5 20. Bc1 Nc4 21. Nf3 g4 22. Ng5 Ncxe5 23. Nxf7 Nxf7 24. Rxf7 Nf8 25. Ref1 Qc6 26. Qe5 Ng6 27. Rxe7+ Kxe7 28. Qg7+ Kd6 29. Rd1+ Kc5 30. Be3+ 1-0

[Event "Catalunya-chT Honor"]
[Site "Catalunya"]
[Date "2013.02.09"]
[Round "4.10"]
[White "Gutierrez Clares, Joaquim"]
[Black "Pinsach Gelabert, Alexandre"]
[Result "1/2-1/2"]
[WhiteElo "2255"]
[BlackElo "2027"]
[PlyCount "57"]
[EventDate "2013.01.19"]
[EventType "team-tourn"]
[EventRounds "11"]
[EventCountry "ESP"]
[SourceTitle "CBM 152 Extra"]
[Source "ChessBase"]
[SourceDate "2013.02.25"]
[SourceVersion "1"]
[SourceVersionDate "2013.02.25"]
[SourceQuality "1"]
[WhiteTeam "Badalona Sant Josep"]
[BlackTeam "Figueres"]
[WhiteTeamCountry "ESP"]
[BlackTeamCountry "ESP"]

1. d4 d5 2. c4 e6 3. Nf3 c5 4. cxd5 exd5 5. Nc3 Nc6 6. g3 Nf6 7. Bg2 Be7 8. 0-0 0-0 9. dxc5 Bxc5 10. Bg5 d4 11. Bxf6 Qxf6 12. Nd5 Qd8 13. Nd2 Be6 14. Nf4 Re8 15. Re1 Qb6 16. Nxe6 Rxe6 17. Nc4 Qa6 18. Bd5 Re7 19. a3 Rd8 20. Bxc6 Qxc6 21. Qd3 Rde8 22. b4 Bb6 23. Nxb6 Qxb6 24. Rad1 g6 25. Qxd4 Qxd4 26. Rxd4 Rxe2 27. Rxe2 Rxe2 28. Rd7 Ra2 29. Rxb7 1/2-1/2

[Event "Catalunya-chT"]
[Site "Catalunya"]
[Date "2012.02.11"]
[Round "3.8"]
[White "Gutierrez Clares, Joaquim"]
[Black "Llaneza Vega, Patricia"]
[Result "0-1"]
[WhiteElo "2241"]
[BlackElo "2220"]
[PlyCount "108"]
[EventDate "2012.01.28"]
[EventType "team-tourn"]
[EventRounds "11"]
[EventCountry "ESP"]
[SourceTitle "EXT 2013"]
[Source "ChessBase"]
[SourceDate "2012.11.22"]
[SourceVersion "1"]
[SourceVersionDate "2012.11.22"]
[SourceQuality "1"]
[WhiteTeam "Badalona Sant Josep"]
[BlackTeam "Foment Martinenc"]
[WhiteTeamCountry "ESP"]
[BlackTeamCountry "ESP"]

1. d4 Nf6 2. c4 g6 3. Nc3 Bg7 4. e4 d6 5. Be2 0-0 6. Bg5 Na6 7. f4 c6 8. Nf3 Nc7 9. Bh4 d5 10. cxd5 cxd5 11. e5 Ne4 12. 0-0 Ne6 13. Ng5 N4xg5 14. fxg5 Qb6 15. Bf2 Nxg5 16. Nxd5 Qd8 17. Nc3 Bf5 18. Qb3 b6 19. Rad1 Ne4 20. Be3 Nxc3 21. bxc3 Rc8 22. c4 Qd7 23. Bf4 Bg4 24. Qe3 Bxe2 25. Qxe2 Qa4 26. Bg5 Qxc4 27. Qxc4 Rxc4 28. Bxe7 Re8 29. Bd6 Bh6 30. Rf3 Rec8 31. d5 Rc1 32. Rfd3 R1c2 33. e6 fxe6 34. dxe6 Re2 35. e7 Bg5 36. Kf1 Re6 37. Re1 Rxe1+ 38. Kxe1 Re8 39. Kd1 Bxe7 40. Bc7 Bc5 41. Rd7 Re7 42. Rxe7 Bxe7 43. Bb8 a6 44. Ba7 b5 45. Bb6 Kf7 46. Kc2 Ke6 47. Kb3 Kd5 48. Ba5 Bd6 49. h3 Ke4 50. Bb6 h5 51. a4 g5 52. Bg1 Kd3 53. Bb6 Ke2 54. g4 hxg4 0-1

[Event "Catalunya-chT Honor"]
[Site "Catalunya"]
[Date "2009.03.15"]
[Round "7"]
[White "Baron Isanta, Jose Maria"]
[Black "Gutierrez Clares, Joaquim"]
[Result "0-1"]
[WhiteElo "2360"]
[BlackElo "2271"]
[PlyCount "138"]
[EventDate "2009.02.01"]
[EventType "team-tourn"]
[EventRounds "9"]
[EventCountry "ESP"]
[SourceTitle "EXT 2019"]
[Source "ChessBase"]
[SourceDate "2018.10.10"]
[SourceVersion "1"]
[SourceVersionDate "2018.10.10"]
[SourceQuality "1"]
[WhiteTeam "Cerdanyola Valles"]
[BlackTeam "Sant Adria"]
[WhiteTeamCountry "ESP"]
[BlackTeamCountry "ESP"]

1. c4 Nf6 2. Nc3 g6 3. e4 d6 4. d4 Bg7 5. Be2 0-0 6. Nf3 Na6 7. 0-0 e5 8. Re1 c6 9. Bf1 Ng4 10. Bg5 f6 11. Bh4 h5 12. Bg3 g5 13. h4 Qe7 14. c5 Be6 15. cxd6 Qxd6 16. dxe5 Qc5 17. exf6 gxh4 18. Na4 Qa5 19. fxg7 Rxf3 20. gxf3 hxg3 21. fxg3 Rd8 22. Qc2 Ne5 23. Red1 Nxf3+ 24. Kf2 Nd4 25. Qc3 Qxa4 26. Bxa6 c5 27. Bf1 Qc6 28. Bg2 Bg4 29. Rd2 Qf6+ 30. Ke1 Qxg7 31. Qxc5 Bf3 32. Kf2 h4 33. Rg1 Qxg3+ 34. Kf1 Be2+ 35. Rxe2 Rf8+ 36. Qxf8+ Kxf8 37. Rf2+ Ke7 38. Rh1 Qd3+ 39. Kg1 Ne2+ 40. Rxe2 Qxe2 41. b3 Kf6 42. Rh3 Qxa2 43. e5+ Kxe5 44. Bxb7 Qa1+ 45. Kh2 Qd4 46. Bg2 Kf5 47. Rf3+ Kg4 48. Rh3 Kg5 49. Rf3 Kg4 50. Rh3 Kf5 51. Rf3+ Ke5 52. Rh3 Kd6 53. Rf3 Kc5 54. Rh3 Kb4 55. Rf3 Qg4 56. Rh3 Ka3 57. Rf3 Kb2 58. Kg1 Kc2 59. Kf2 Qd4+ 60. Kf1 Qd1+ 61. Kf2 Kd2 62. Bf1 Qe1+ 63. Kg2 Qe4 64. Kf2 Qd4+ 65. Kg2 Ke1 66. Kh3 a5 67. Bg2 Ke2 68. Kh2 Qg4 69. Rh3 Kf2 0-1

[Event "Catalunya-chT Honor"]
[Site "Catalunya"]
[Date "2009.03.01"]
[Round "5"]
[White "Cruz, Cristhian"]
[Black "Gutierrez Clares, Joaquim"]
[Result "1-0"]
[WhiteElo "2545"]
[BlackElo "2271"]
[PlyCount "91"]
[EventDate "2009.02.01"]
[EventType "team-tourn"]
[EventRounds "9"]
[EventCountry "ESP"]
[SourceTitle "EXT 2019"]
[Source "ChessBase"]
[SourceDate "2018.10.10"]
[SourceVersion "1"]
[SourceVersionDate "2018.10.10"]
[SourceQuality "1"]
[WhiteTeam "Colon Sabadell"]
[BlackTeam "Sant Adria"]
[WhiteTeamCountry "ESP"]
[BlackTeamCountry "ESP"]

1. d4 Nf6 2. c4 g6 3. Nc3 Bg7 4. Nf3 0-0 5. g3 d6 6. Bg2 c6 7. 0-0 Qb6 8. h3 Qa6 9. b3 b5 10. Nd2 Bb7 11. Bb2 Nbd7 12. Re1 bxc4 13. Nxc4 d5 14. Nd2 c5 15. e3 Rac8 16. Na4 Ne4 17. Nxe4 dxe4 18. Qb1 cxd4 19. Bxe4 dxe3 20. Rxe3 Bxb2 21. Qxb2 Bxe4 22. Rxe4 e5 23. Rd1 Qe6 24. Nc3 f5 25. Ra4 Nc5 26. Rxa7 f4 27. g4 h5 28. Qe2 f3 29. Qc4 Qxc4 30. bxc4 hxg4 31. Nd5 Rfd8 32. Ne7+ Kf8 33. Nxg6+ Kg8 34. Rd5 Rxd5 35. cxd5 Rb8 36. hxg4 e4 37. Ne7+ Kf8 38. Nf5 Rb2 39. g5 e3 40. g6 exf2+ 41. Kf1 Ke8 42. g7 Rb1+ 43. Kxf2 Ne4+ 44. Kxf3 Nf6 45. Nd6+ Kd8 46. Ne4 1-0